[Event "FIDE WYCC 2016 U16 boys"]
[Site "Khanty Mansiysk"]
[Date "2016.09.26"]
[Round "5.29"]
[White "Voinikonis, Nikita"]
[Black "Riess, Alexander"]
[Result "1/2-1/2"]
[WhiteElo "2055"]
[BlackElo "2227"]
[Annotator "Reinhold Goldau"]
[PlyCount "75"]
[EventDate "2016.09.??"]
[EventType "swiss"]
[EventRounds "11"]
[EventCountry "RUS"]
[SourceTitle "Youth Database"]
[Source "CBase R.Goldau"]
[SourceDate "2000.03.01"]

1. e4 c5 2. Nf3 Nc6 3. d4 cxd4 4. Nxd4 Nf6 5. Nc3 e5 6. Ndb5 d6 7. Bg5 a6 8.
Na3 b5 9. Nd5 Be7 10. Bxf6 Bxf6 11. c4 b4 12. Nc2 a5 13. g3 O-O 14. h4 Be6 15.
Bh3 Rb8 16. b3 Kh8 17. Qd3 Qc8 18. Nxf6 Bxh3 19. Nd5 Be6 20. Nde3 f5 21. exf5
Bxf5 22. Nxf5 e4 23. Qxd6 Qxf5 24. O-O Ne5 25. Ne3 Qh5 26. Rad1 Nd3 27. Rxd3
exd3 28. Qxd3 Rbd8 29. Nd5 Rfe8 30. Kg2 h6 31. f3 Qe5 32. Rf2 Qa1 33. Qf5 Re1
34. Nf4 Rh1 35. Ng6+ Kg8 36. Ne7+ Kh8 37. Ng6+ Kg8 38. Ne7+ 1/2-1/2

[Event "FIDE WYCC 2016 U16 boys"]
[Site "Khanty Mansiysk"]
[Date "2016.09.26"]
[Round "5.30"]
[White "Tifferet, Shaked"]
[Black "Sezdbekov, Arzybek"]
[Result "1-0"]
[WhiteElo "2220"]
[BlackElo "1861"]
[Annotator "Reinhold Goldau"]
[PlyCount "57"]
[EventDate "2016.09.??"]
[EventType "swiss"]
[EventRounds "11"]
[EventCountry "RUS"]
[SourceTitle "Youth Database"]
[Source "CBase R.Goldau"]
[SourceDate "2000.03.01"]

1. Nf3 d5 2. b3 Bf5 3. Bb2 Nf6 4. g3 Nbd7 5. Bg2 c6 6. O-O Qc7 7. d3 e5 8. c4
Bd6 9. cxd5 cxd5 10. Nc3 a6 11. Rc1 Qa5 12. e4 Be6 13. exd5 Nxd5 14. Ng5 N7f6
15. Nxe6 fxe6 16. Ne4 Qb6 17. Nxd6+ Qxd6 18. Re1 O-O 19. Bxe5 Qb6 20. d4 Nd7
21. Bxg7 Kxg7 22. Bxd5 Nf6 23. Rxe6 Qb5 24. Bf3 Qf5 25. Re7+ Kh8 26. Re5 Qg6
27. Kg2 Rad8 28. Qd2 Ne8 29. Be4 1-0

[Event "FIDE WYCC 2016 U16 boys"]
[Site "Khanty Mansiysk"]
[Date "2016.09.26"]
[Round "5.31"]
[White "German, Nikita"]
[Black "Turar, Dastan"]
[Result "0-1"]
[WhiteElo "2106"]
[BlackElo "2205"]
[Annotator "Reinhold Goldau"]
[PlyCount "83"]
[EventDate "2016.09.??"]
[EventType "swiss"]
[EventRounds "11"]
[EventCountry "RUS"]
[SourceTitle "Youth Database"]
[Source "CBase R.Goldau"]
[SourceDate "2000.03.01"]

1. e4 c5 2. Nf3 d6 3. d4 cxd4 4. Nxd4 Nf6 5. Nc3 a6 6. Be2 e5 7. Nb3 Be7 8. O-O
O-O 9. Be3 Be6 10. Bf3 Nbd7 11. Re1 Qc7 12. a4 Rfc8 13. a5 Qc6 14. h3 h6 15.
Re2 b5 16. axb6 Nxb6 17. Na5 Qc7 18. Rd2 Rcb8 19. Qc1 Nc4 20. Nxc4 Bxc4 21. b3
Be6 22. Nd5 Nxd5 23. exd5 Bf5 24. Be2 Qc3 25. Ra4 Bd7 26. Rxa6 Rxa6 27. Bxa6 f5
28. Bf1 f4 29. Rd3 Qc7 30. Bd2 Bf6 31. Rc3 Qb6 32. Rc4 Bh4 33. Qe1 Kf8 34. Rb4
Qa7 35. Be2 Bf5 36. Ra4 Qf7 37. c3 Qg6 38. Kh1 Be4 39. Rxe4 Qxe4 40. Bf3 Qxe1+
41. Bxe1 e4 42. Bg4 0-1

[Event "FIDE WYCC 2016 U16 boys"]
[Site "Khanty Mansiysk"]
[Date "2016.09.26"]
[Round "5.32"]
[White "Shkurkin, Andrey"]
[Black "Kristensen, Bjarke Hautop"]
[Result "1/2-1/2"]
[WhiteElo "2190"]
[BlackElo "2039"]
[Annotator "Reinhold Goldau"]
[PlyCount "45"]
[EventDate "2016.09.??"]
[EventType "swiss"]
[EventRounds "11"]
[EventCountry "RUS"]
[SourceTitle "Youth Database"]
[Source "CBase R.Goldau"]
[SourceDate "2000.03.01"]

1. e4 g6 2. d4 Bg7 3. c4 d6 4. Nc3 Nf6 5. f4 O-O 6. Nf3 c5 7. d5 e6 8. Be2 exd5
9. cxd5 Re8 10. e5 dxe5 11. fxe5 Ng4 12. e6 fxe6 13. Bg5 Qb6 14. Qd2 exd5 15.
O-O d4 16. Bc4+ Be6 17. Nd5 Bxd5 18. Bxd5+ Kh8 19. Qf4 Ne3 20. Ne5 Nxd5 21.
Nf7+ Kg8 22. Nh6+ Kh8 23. Nf7+ 1/2-1/2

[Event "FIDE WYCC 2016 U16 boys"]
[Site "Khanty Mansiysk"]
[Date "2016.09.26"]
[Round "5.33"]
[White "Khodashneli, Shota"]
[Black "Kalinouski, Siarhei"]
[Result "0-1"]
[WhiteElo "1926"]
[BlackElo "2169"]
[Annotator "Reinhold Goldau"]
[PlyCount "52"]
[EventDate "2016.09.??"]
[EventType "swiss"]
[EventRounds "11"]
[EventCountry "RUS"]
[SourceTitle "Youth Database"]
[Source "CBase R.Goldau"]
[SourceDate "2000.03.01"]

1. e4 c5 2. Nf3 e6 3. c3 d5 4. exd5 Qxd5 5. d4 Nc6 6. Be2 Nf6 7. O-O cxd4 8.
cxd4 Be7 9. Nc3 Qd8 10. Be3 O-O 11. a3 Nd5 12. Qb3 Nxe3 13. fxe3 b6 14. Rad1
Bb7 15. Kh1 Qc8 16. e4 Na5 17. Qa2 Ba6 18. Bxa6 Qxa6 19. Ne5 Bf6 20. Ng4 Qc4
21. Qb1 Rac8 22. e5 Be7 23. Nf6+ gxf6 24. Rf3 Rfd8 25. Rh3 Kf8 26. Qxh7 Ke8 0-1

[Event "FIDE WYCC 2016 U16 boys"]
[Site "Khanty Mansiysk"]
[Date "2016.09.26"]
[Round "5.34"]
[White "Zamar Kodelja, Jurij"]
[Black "Marais, Daniel"]
[Result "1-0"]
[WhiteElo "2126"]
[BlackElo "1850"]
[Annotator "Reinhold Goldau"]
[PlyCount "101"]
[EventDate "2016.09.??"]
[EventType "swiss"]
[EventRounds "11"]
[EventCountry "RUS"]
[SourceTitle "Youth Database"]
[Source "CBase R.Goldau"]
[SourceDate "2000.03.01"]

1. d4 b6 2. e4 Bb7 3. Bd3 e6 4. Nh3 c5 5. c3 Nc6 6. d5 exd5 7. exd5 Ne5 8. Be2
Bd6 9. O-O Ne7 10. c4 O-O 11. Nc3 f5 12. f4 Nf7 13. Qd3 a6 14. a4 Rc8 15. b3
Nh6 16. Bb2 Ng6 17. g3 Qe7 18. Rae1 Rce8 19. Nd1 Qf7 20. Ng5 Qe7 21. Qc3 Qf6
22. Qd2 Qd8 23. h4 Be7 24. Bf3 Bf6 25. Rxe8 Rxe8 26. h5 Bxb2 27. Nxb2 Nh8 28.
Re1 N8f7 29. Nd3 Nxg5 30. Rxe8+ Qxe8 31. fxg5 Nf7 32. Qf4 d6 33. Qxf5 Qe3+ 34.
Kh2 Nxg5 35. Bg2 Qe7 36. Nf4 h6 37. Qg4 Qf7 38. Ng6 Kh7 39. Qf4 Qxf4 40. gxf4
Nf7 41. Bh3 b5 42. a5 Nd8 43. Ne7 bxc4 44. bxc4 Ba8 45. Bf5+ Kh8 46. Kg3 Nb7
47. Nc6 Kg8 48. Bg6 Kf8 49. Kg4 Kg8 50. Kf5 Kf8 51. Ke6 1-0

[Event "FIDE WYCC 2016 U16 boys"]
[Site "Khanty Mansiysk"]
[Date "2016.09.26"]
[Round "5.35"]
[White "Min, Po Yen"]
[Black "Lintner, Igor"]
[Result "0-1"]
[WhiteElo "1842"]
[BlackElo "2065"]
[Annotator "Reinhold Goldau"]
[PlyCount "86"]
[EventDate "2016.09.??"]
[EventType "swiss"]
[EventRounds "11"]
[EventCountry "RUS"]
[SourceTitle "Youth Database"]
[Source "CBase R.Goldau"]
[SourceDate "2000.03.01"]

1. d4 e6 2. c4 Bb4+ 3. Bd2 a5 4. g3 Nf6 5. Bg2 d6 6. Nc3 Nc6 7. a3 Bxc3 8. Bxc3
O-O 9. e3 Qe7 10. b4 e5 11. d5 Nd8 12. bxa5 Ne8 13. Ne2 f5 14. O-O Nf6 15. Bb4
Nf7 16. Rc1 Ne4 17. Qc2 Nc5 18. Nc3 e4 19. Na4 Nd3 20. Rcd1 Bd7 21. Nb2 Nc5 22.
Rb1 Qe8 23. Nd1 Rb8 24. f3 exf3 25. Bxf3 Ng5 26. Bg2 Qe5 27. Bc3 Qe7 28. Bd4
Be8 29. Nc3 Bh5 30. Rbe1 Nce4 31. Nxe4 fxe4 32. Rf4 Bf3 33. h4 Bxg2 34. Kxg2
Nf3 35. Rd1 Rbe8 36. Qb2 g5 37. Bf6 Rxf6 38. Qxf6 gxf4 39. Qxf4 Qg7 40. Rb1 Qc3
41. Rxb7 Qd2+ 42. Kh3 h5 43. g4 Ng1+ 0-1

[Event "FIDE WYCC 2016 U16 boys"]
[Site "Khanty Mansiysk"]
[Date "2016.09.26"]
[Round "5.36"]
[White "Garbowski, Jakub"]
[Black "Maerevoet, Sim"]
[Result "1/2-1/2"]
[WhiteElo "2030"]
[BlackElo "1771"]
[Annotator "Reinhold Goldau"]
[PlyCount "71"]
[EventDate "2016.09.??"]
[EventType "swiss"]
[EventRounds "11"]
[EventCountry "RUS"]
[SourceTitle "Youth Database"]
[Source "CBase R.Goldau"]
[SourceDate "2000.03.01"]

1. e4 c5 2. Nf3 e6 3. d4 cxd4 4. Nxd4 Bc5 5. Nb3 Bb6 6. Nc3 Ne7 7. Be2 O-O 8.
O-O f5 9. exf5 Nxf5 10. Nb5 a6 11. N5d4 Nxd4 12. Nxd4 Nc6 13. Be3 e5 14. Nxc6
bxc6 15. Bxb6 Qxb6 16. Qd6 Qd4 17. Qxd4 exd4 18. Rfd1 c5 19. Bc4+ Kh8 20. c3
Rb8 21. b3 dxc3 22. Rac1 Rb6 23. Rxc3 Rbf6 24. f3 h6 25. Re3 a5 26. Rd5 d6 27.
Red3 Be6 28. Rxd6 Bxc4 29. Rxf6 Rxf6 30. bxc4 Rf4 31. Rc3 Rd4 32. Rc2 Kh7 33.
Kf2 Kg6 34. Ke3 Kf6 35. g3 g5 36. Rc3 1/2-1/2

[Event "FIDE WYCC 2016 U16 boys"]
[Site "Khanty Mansiysk"]
[Date "2016.09.26"]
[Round "5.37"]
[White "Chumak, Dmitrii"]
[Black "Donoso Diaz, Sebastian"]
[Result "0-1"]
[WhiteElo "1791"]
[BlackElo "2005"]
[Annotator "Reinhold Goldau"]
[PlyCount "49"]
[EventDate "2016.09.??"]
[EventType "swiss"]
[EventRounds "11"]
[EventCountry "RUS"]
[SourceTitle "Youth Database"]
[Source "CBase R.Goldau"]
[SourceDate "2000.03.01"]

1. e4 c5 2. Nf3 d6 3. d4 cxd4 4. Nxd4 Nf6 5. Nc3 g6 6. Be3 Bg7 7. f3 O-O 8. Qd2
Nc6 9. O-O-O d5 10. exd5 Nxd5 11. Nxc6 bxc6 12. Nxd5 cxd5 13. Qxd5 Qc7 14. Qc5
Qb7 15. Bd4 Bf5 16. Qb5 Qc7 17. Qe2 Rfc8 18. c3 Bh6+ 19. Be3 Qe5 20. Bxh6 Rxc3+
21. Kd2 Rc2+ 22. Ke1 Rxe2+ 23. Bxe2 Rc8 24. Kf2 Rc2 25. Rd2 0-1

[Event "FIDE WYCC 2016 U16 boys"]
[Site "Khanty Mansiysk"]
[Date "2016.09.26"]
[Round "5.38"]
[White "Van Der Meer, Anthony"]
[Black "Bold, Khosbayar"]
[Result "0-1"]
[WhiteElo "1073"]
[BlackElo "1926"]
[Annotator "Reinhold Goldau"]
[PlyCount "46"]
[EventDate "2016.09.??"]
[EventType "swiss"]
[EventRounds "11"]
[EventCountry "RUS"]
[SourceTitle "Youth Database"]
[Source "CBase R.Goldau"]
[SourceDate "2000.03.01"]

1. e4 c5 2. Nc3 Nc6 3. f4 e6 4. Nf3 Nf6 5. Bb5 Be7 6. O-O d5 7. d3 a6 8. Bxc6+
bxc6 9. e5 Nd7 10. g4 Qc7 11. Ne2 Bb7 12. c4 O-O-O 13. Qc2 f6 14. b3 h5 15. h3
hxg4 16. hxg4 fxe5 17. fxe5 Nxe5 18. Nxe5 Qxe5 19. Bf4 Qf6 20. Ng3 e5 21. Qg2
exf4 22. Nh5 Qg6 23. Nxf4 Qh6 0-1

[Event "FIDE WYCC 2016 U16 boys"]
[Site "Khanty Mansiysk"]
[Date "2016.09.26"]
[Round "5.40"]
[White "Hsieh, Wen Chin"]
[Black "Petersen, Caleb"]
[Result "0-1"]
[WhiteElo "1063"]
[BlackElo "1884"]
[Annotator "Reinhold Goldau"]
[PlyCount "96"]
[EventDate "2016.09.??"]
[EventType "swiss"]
[EventRounds "11"]
[EventCountry "RUS"]
[SourceTitle "Youth Database"]
[Source "CBase R.Goldau"]
[SourceDate "2000.03.01"]

1. e4 c5 2. Nc3 d6 3. g3 g6 4. Bg2 Bg7 5. d3 Nc6 6. Be3 e6 7. f4 Nge7 8. Nf3
O-O 9. O-O b6 10. Qd2 d5 11. Nd1 dxe4 12. dxe4 Qxd2 13. Bxd2 Ba6 14. Re1 Rad8
15. Bc3 e5 16. fxe5 Nd4 17. Nxd4 cxd4 18. Bb4 Rfe8 19. Nf2 Nc6 20. a3 Nxe5 21.
Rad1 Bh6 22. Nd3 Be3+ 23. Kh1 Bxd3 24. cxd3 Ng4 25. Rb1 Nf2+ 26. Kg1 Nxd3+ 27.
Rxe3 dxe3 28. Bc3 Nf2 29. Bf3 Nxe4 30. Bxe4 Rxe4 31. Re1 Rd2 32. h4 f5 33. Kf1
Rc2 34. Re2 Rxe2 35. Kxe2 Kf7 36. Kf3 e2 37. Kf2 h6 38. Ke1 g5 39. hxg5 hxg5
40. Bd2 f4 41. gxf4 gxf4 42. Kf2 Ke6 43. Be1 Kf5 44. Kf3 Re3+ 45. Kf2 Ke4 46.
Bd2 Kd3 47. Bxe3 fxe3+ 48. Ke1 Kc2 0-1

[Event "FIDE WYCC 2016 U16 girls"]
[Site "Khanty Mansiysk"]
[Date "2016.09.22"]
[Round "1.1"]
[White "Shuvalova, Polina"]
[Black "Bauyrzhan, Arnash"]
[Result "1/2-1/2"]
[WhiteElo "2393"]
[BlackElo "1904"]
[Annotator "Reinhold Goldau"]
[PlyCount "70"]
[EventDate "2016.09.??"]
[EventType "swiss"]
[EventRounds "11"]
[EventCountry "RUS"]
[SourceTitle "Youth Database"]
[Source "CBase R.Goldau"]
[SourceDate "2000.03.01"]
[TimeControl "40/5400+30:1800+30"]

1. Nf3 {[%emt 0:00:00]} d5 {[%emt 0:00:00]} 2. g3 {[%emt 0:00:00]} Nf6 {
[%emt 0:00:49]} 3. Bg2 {[%emt 0:00:00]} e6 {[%emt 0:02:30]} 4. O-O {[%emt 0:00:
00]} Be7 {[%emt 0:00:28]} 5. c4 {[%emt 0:00:00]} O-O {[%emt 0:01:23]} 6. b3 {
[%emt 0:00:02]} c5 {[%emt 0:05:34]} 7. Bb2 {[%emt 0:00:11]} Nc6 {[%emt 0:01:29]
} 8. e3 {[%emt 0:00:12]} Qb6 {[%emt 0:12:08]} 9. cxd5 {[%emt 0:03:21]} exd5 {
[%emt 0:00:25]} 10. Nc3 {[%emt 0:07:35]} Bf5 {[%emt 0:06:03]} 11. d4 {[%emt 0:
05:10]} cxd4 {[%emt 0:16:25]} 12. Nxd4 {[%emt 0:09:08]} Nxd4 {[%emt 0:00:42]}
13. Na4 {[%emt 0:00:32]} Qa6 {[%emt 0:05:21]} 14. Bxd4 {[%emt 0:02:31]} Rac8 {
[%emt 0:03:53]} 15. Nc3 {[%emt 0:01:06]} Bd3 {[%emt 0:07:31]} 16. Re1 {[%emt 0:
02:13]} Rfd8 {[%emt 0:01:21]} 17. Nxd5 {[%emt 0:08:14]} Nxd5 {[%emt 0:11:32]}
18. Bxd5 {[%emt 0:00:46]} Rxd5 {[%emt 0:03:06]} 19. Qg4 {[%emt 0:00:41]} Rxd4 {
[%emt 0:00:19]} 20. exd4 {[%emt 0:00:58]} f5 {[%emt 0:00:29]} 21. Qf4 {[%emt 0:
02:25]} Bb4 {[%emt 0:04:12]} 22. Rec1 {[%emt 0:08:21]} Re8 {[%emt 0:02:50]} 23.
d5 {[%emt 0:02:04]} Bd6 {[%emt 0:00:28]} 24. Qd2 {[%emt 0:02:34]} Be4 {[%emt 0:
06:11]} 25. Rc4 {[%emt 0:05:19]} h6 {[%emt 0:01:12]} 26. Re1 {[%emt 0:13:42]}
Re5 {[%emt 0:01:31]} 27. h4 {[%emt 0:09:31]} Rxd5 {[%emt 0:01:01]} 28. Rd4 {
[%emt 0:00:13]} Rxd4 {[%emt 0:00:55]} 29. Qxd4 {[%emt 0:00:02]} Qc6 {[%emt 0:
00:57]} 30. Kh2 {[%emt 0:01:35]} Kh7 {[%emt 0:00:43]} 31. h5 {[%emt 0:01:20]}
Qe8 {[%emt 0:01:30]} 32. Rxe4 {[%emt 0:02:05]} fxe4 {[%emt 0:00:28]} 33. Qxd6 {
[%emt 0:00:07]} Qxh5+ {[%emt 0:00:04]} 34. Kg1 {[%emt 0:00:06]} Qf3 {[%emt 0:
00:44]} 35. Qd5 {[%emt 0:00:20]} b6 {[%emt 0:00:54]} 1/2-1/2

[Event "FIDE WYCC 2016 U16 girls"]
[Site "Khanty Mansiysk"]
[Date "2016.09.22"]
[Round "1.2"]
[White "Tishova, Svetlana"]
[Black "Yakubbaeva, Nilufar"]
[Result "0-1"]
[WhiteElo "2317"]
[BlackElo "1896"]
[Annotator "Reinhold Goldau"]
[PlyCount "50"]
[EventDate "2016.09.??"]
[EventType "swiss"]
[EventRounds "11"]
[EventCountry "RUS"]
[SourceTitle "Youth Database"]
[Source "CBase R.Goldau"]
[SourceDate "2000.03.01"]
[TimeControl "40/5400+30:1800+30"]

1. e4 {[%emt 0:00:00]} c6 {[%emt 0:00:00]} 2. d4 {[%emt 0:00:00]} d5 {[%emt 0:
00:00]} 3. Nc3 {[%emt 0:00:00]} dxe4 {[%emt 0:00:05]} 4. Nxe4 {[%emt 0:00:00]}
Bf5 {[%emt 0:00:07]} 5. Ng3 {[%emt 0:00:12]} Bg6 {[%emt 0:00:11]} 6. Nh3 {
[%emt 0:01:15]} e6 {[%emt 0:02:00]} 7. Nf4 {[%emt 0:00:47]} Bd6 {[%emt 0:01:39]
} 8. Ngh5 {[%emt 0:02:30]} Kf8 {[%emt 0:09:25]} 9. Bc4 {[%emt 0:22:21]} Nf6 {
[%emt 0:03:55]} 10. O-O {[%emt 0:10:01]} Nxh5 {[%emt 0:02:56]} 11. Nxh5 {
[%emt 0:00:08]} Bxh2+ {[%emt 0:00:39]} 12. Kxh2 {[%emt 0:00:30]} Qh4+ {[%emt 0:
00:11]} 13. Kg1 {[%emt 0:00:02]} Bxh5 {[%emt 0:01:25]} 14. Qd2 {[%emt 0:05:49]}
c5 {[%emt 0:06:26]} 15. dxc5 {[%emt 0:06:35]} Nc6 {[%emt 0:02:19]} 16. Qd6+ {
[%emt 0:10:58]} Kg8 {[%emt 0:03:44]} 17. b3 {[%emt 0:16:37]} Rd8 {[%emt 0:00:
56]} 18. Qc7 {[%emt 0:00:30]} Nd4 {[%emt 0:34:45]} 19. Bb2 {[%emt 0:06:28]} h6
{[%emt 0:13:01]} 20. Qe5 {[%emt 0:11:07]} Rd5 {[%emt 0:01:57]} 21. Qb8+ {
[%emt 0:03:40]} Kh7 {[%emt 0:00:07]} 22. Qxh8+ {[%emt 0:00:52]} Kxh8 {[%emt 0:
00:08]} 23. Bxd4 {[%emt 0:00:33]} Rxd4 {[%emt 0:00:12]} 24. f3 {[%emt 0:00:33]}
Rd2 {[%emt 0:00:14]} 25. Rad1 {[%emt 0:00:26]} Qd4+ {[%emt 0:00:08]} 0-1

[Event "FIDE WYCC 2016 U16 girls"]
[Site "Khanty Mansiysk"]
[Date "2016.09.22"]
[Round "1.3"]
[White "Jakab, Kincso"]
[Black "Amina, Battsooj"]
[Result "1/2-1/2"]
[WhiteElo "1893"]
[BlackElo "2302"]
[Annotator "Reinhold Goldau"]
[PlyCount "87"]
[EventDate "2016.09.??"]
[EventType "swiss"]
[EventRounds "11"]
[EventCountry "RUS"]
[SourceTitle "Youth Database"]
[Source "CBase R.Goldau"]
[SourceDate "2000.03.01"]
[TimeControl "40/5400+30:1800+30"]

1. d4 {[%emt 0:00:00]} Nf6 {[%emt 0:00:00]} 2. Nf3 {[%emt 0:00:00]} d5 {
[%emt 0:00:00]} 3. e3 {[%emt 0:00:01]} e6 {[%emt 0:03:10]} 4. Bd3 {[%emt 0:00:
48]} c5 {[%emt 0:00:26]} 5. b3 {[%emt 0:00:25]} Nc6 {[%emt 0:01:14]} 6. Bb2 {
[%emt 0:00:39]} Be7 {[%emt 0:01:59]} 7. Nbd2 {[%emt 0:01:31]} O-O {[%emt 0:01:
02]} 8. O-O {[%emt 0:00:57]} b6 {[%emt 0:03:24]} 9. a3 {[%emt 0:03:08]} Bb7 {
[%emt 0:00:34]} 10. Ne5 {[%emt 0:03:18]} Nxe5 {[%emt 0:09:16]} 11. dxe5 {
[%emt 0:00:20]} Ne4 {[%emt 0:00:22]} 12. f4 {[%emt 0:04:56]} f6 {[%emt 0:04:24]
} 13. Nxe4 {[%emt 0:07:14]} dxe4 {[%emt 0:00:11]} 14. Bc4 {[%emt 0:00:18]} Bd5
{[%emt 0:03:39]} 15. Qe2 {[%emt 0:03:59]} Bxc4 {[%emt 0:03:22]} 16. Qxc4 {
[%emt 0:00:16]} Qd5 {[%emt 0:00:09]} 17. Rfd1 {[%emt 0:06:21]} Qxc4 {[%emt 0:
00:56]} 18. bxc4 {[%emt 0:00:09]} Kf7 {[%emt 0:04:06]} 19. Kf2 {[%emt 0:07:36]}
Rfd8 {[%emt 0:01:05]} 20. Ke2 {[%emt 0:01:08]} fxe5 {[%emt 0:02:40]} 21. Rf1 {
[%emt 0:10:24]} Kg6 {[%emt 0:03:11]} 22. Bxe5 {[%emt 0:02:22]} Bf6 {[%emt 0:00:
49]} 23. Bxf6 {[%emt 0:02:05]} Kxf6 {[%emt 0:01:59]} 24. a4 {[%emt 0:03:14]}
Rd6 {[%emt 0:02:51]} 25. Rad1 {[%emt 0:03:04]} Rad8 {[%emt 0:00:24]} 26. Rxd6 {
[%emt 0:01:12]} Rxd6 {[%emt 0:00:06]} 27. Rb1 {[%emt 0:01:03]} h5 {[%emt 0:10:
03]} 28. Rb5 {[%emt 0:05:08]} e5 {[%emt 0:01:47]} 29. fxe5+ {[%emt 0:04:32]}
Kxe5 {[%emt 0:00:13]} 30. a5 {[%emt 0:01:56]} Rg6 {[%emt 0:00:49]} 31. Kf2 {
[%emt 0:00:36]} Rf6+ {[%emt 0:00:44]} 32. Ke2 {[%emt 0:00:10]} Kf5 {[%emt 0:00:
37]} 33. axb6 {[%emt 0:09:05]} axb6 {[%emt 0:00:06]} 34. Rb1 {[%emt 0:00:10]}
Rd6 {[%emt 0:04:26]} 35. Rf1+ {[%emt 0:01:15]} Ke5 {[%emt 0:00:15]} 36. Ra1 {
[%emt 0:01:32]} g5 {[%emt 0:00:27]} 37. Ra8 {[%emt 0:01:52]} Kf5 {[%emt 0:03:
59]} 38. Re8 {[%emt 0:02:19]} Re6 {[%emt 0:00:33]} 39. Rd8 {[%emt 0:01:17]} Kf6
{[%emt 0:03:51]} 40. Rf8+ {[%emt 0:00:00]} Ke5 {[%emt 0:00:00]} 41. Rh8 {
[%emt 0:03:58]} h4 {[%emt 0:00:37]} 42. h3 {[%emt 0:01:47]} Rg6 {[%emt 0:00:58]
} 43. Re8+ {[%emt 0:01:12]} Re6 {[%emt 0:00:05]} 44. Rg8 {[%emt 0:00:34]}
1/2-1/2

[Event "FIDE WYCC 2016 U16 girls"]
[Site "Khanty Mansiysk"]
[Date "2016.09.22"]
[Round "1.4"]
[White "Martynkova, Olena"]
[Black "Kozybayeva, Alisa"]
[Result "1-0"]
[WhiteElo "2287"]
[BlackElo "1888"]
[Annotator "Reinhold Goldau"]
[PlyCount "59"]
[EventDate "2016.09.??"]
[EventType "swiss"]
[EventRounds "11"]
[EventCountry "RUS"]
[SourceTitle "Youth Database"]
[Source "CBase R.Goldau"]
[SourceDate "2000.03.01"]
[TimeControl "40/5400+30:1800+30"]

1. Nf3 {[%emt 0:00:00]} Nf6 {[%emt 0:00:00]} 2. g3 {[%emt 0:00:00]} d5 {
[%emt 0:00:43]} 3. Bg2 {[%emt 0:00:56]} e6 {[%emt 0:01:32]} 4. O-O {[%emt 0:01:
51]} c5 {[%emt 0:00:45]} 5. c4 {[%emt 0:02:06]} d4 {[%emt 0:10:51]} 6. e3 {
[%emt 0:05:54]} Nc6 {[%emt 0:02:55]} 7. exd4 {[%emt 0:02:10]} cxd4 {[%emt 0:00:
32]} 8. d3 {[%emt 0:00:38]} Bd6 {[%emt 0:04:29]} 9. b3 {[%emt 0:20:55]} O-O {
[%emt 0:08:33]} 10. Bb2 {[%emt 0:05:00]} e5 {[%emt 0:02:28]} 11. a3 {[%emt 0:
02:53]} a5 {[%emt 0:01:02]} 12. Nbd2 {[%emt 0:02:01]} Nd7 {[%emt 0:08:45]} 13.
Nh4 {[%emt 0:09:47]} Nc5 {[%emt 0:21:01]} 14. Ne4 {[%emt 0:07:44]} g5 {[%emt 0:
16:19]} 15. Nxc5 {[%emt 0:11:35]} Bxc5 {[%emt 0:00:32]} 16. Nf3 {[%emt 0:00:41]
} Bf5 {[%emt 0:12:10]} 17. h4 {[%emt 0:04:45]} h6 {[%emt 0:03:49]} 18. Re1 {
[%emt 0:03:28]} Bd6 {[%emt 0:00:38]} 19. Bc1 {[%emt 0:04:52]} f6 {[%emt 0:01:
00]} 20. hxg5 {[%emt 0:08:39]} hxg5 {[%emt 0:00:06]} 21. Nd2 {[%emt 0:01:25]}
Bxd3 {[%emt 0:00:46]} 22. Ne4 {[%emt 0:00:20]} Bxe4 {[%emt 0:00:11]} 23. Bxe4 {
[%emt 0:00:08]} Qe8 {[%emt 0:00:55]} 24. Kg2 {[%emt 0:02:52]} Kg7 {[%emt 0:00:
23]} 25. Rh1 {[%emt 0:00:48]} Rh8 {[%emt 0:00:16]} 26. Rxh8 {[%emt 0:00:58]}
Qxh8 {[%emt 0:00:03]} 27. Qg4 {[%emt 0:00:17]} Be7 {[%emt 0:01:43]} 28. Bd2 {
[%emt 0:00:31]} Qe8 {[%emt 0:00:44]} 29. Rh1 {[%emt 0:00:21]} Kg8 {[%emt 0:00:
34]} 30. Qe6+ {[%emt 0:00:25]} 1-0

[Event "FIDE WYCC 2016 U16 girls"]
[Site "Khanty Mansiysk"]
[Date "2016.09.23"]
[Round "2.23"]
[White "Limanovska, Elizabete"]
[Black "Sevilla, Julia"]
[Result "0-1"]
[WhiteElo "1870"]
[BlackElo "1546"]
[Annotator "Reinhold Goldau"]
[PlyCount "64"]
[EventDate "2016.09.??"]
[EventType "swiss"]
[EventRounds "11"]
[EventCountry "RUS"]
[SourceTitle "Youth Database"]
[Source "CBase R.Goldau"]
[SourceDate "2000.03.01"]

1. e4 c5 2. Nf3 d6 3. Bb5+ Nd7 4. c4 Ngf6 5. Nc3 g6 6. O-O Bg7 7. d4 cxd4 8.
Nxd4 O-O 9. Bxd7 Bxd7 10. b3 a6 11. Bb2 b5 12. cxb5 axb5 13. Qe2 b4 14. Nd5
Nxd5 15. exd5 Ra5 16. Rfd1 Rxd5 17. Qc4 Qa8 18. Qxb4 Rg5 19. f3 Bh3 20. Rd2 e5
21. Nc2 Qxf3 22. Ne1 Qe3+ 23. Kh1 d5 24. Nc2 Qa7 25. gxh3 d4 26. Ne1 Qa8+ 27.
Ng2 Qf3 28. h4 Rg4 29. Kg1 Bh6 30. Ba3 Ra8 31. Rf1 Be3+ 32. Rdf2 Rxg2+ 0-1